000 00548nam a2200157 a 4500
001 000035820
005 20200930074634.0
008 111115s1970 cl c 000 0 spa d
040 _aDO-SdBNP
_bspa
_cBNPHU
082 _axxxx
_bB615
245 0 0 _aBiografía de S. E. el presidente de la República Dr. Salvador Allende.
260 _a[Santiago, Chile :
_bPrograma del Gobierno de la Unidad Popular,
_c1970.].
300 _a63 p. :
_bretr. ;
_c20 cm.
590 _aPerteneció a la biblioteca personal de Juan Isidro Jimenes Grullón
049 _aBNGR
999 _c35311
_d35311